Assessment as learning using classroom assessment to maximize student learning

Saved in:
Bibliographic Details
Main Author: EARL, Lorna M.
Format: Book
Language:English
Published: Corwin 2013
Tags: Add Tag
No Tags, Be the first to tag this record!

MARC

LEADER 00000nam a22000007a 4500
008 210126b ||||| |||| 00| 0 eng d
020 |a 978-1-4522-4297-2 
100 |a EARL, Lorna M. 
245 |a Assessment as learning  |b using classroom assessment to maximize student learning  |c Lorna M. Earl  |g xi; 144p.; ill. 
250 |b 2nd ed. 
260 |b Corwin  |c 2013  |h Thousand Oaks, California  |i 692401  |i 692402  |l LB3051 .Ea7  |m Educational tests and measurements  |m Learning. 
942 |a lcc  |c BK  |e YUNUSA, A.A.  |f 26/01/2021 
952 |0 0  |1 0  |2 lcc  |4 0  |6 LB3051 E A7  |7 0  |9 1861  |a HOL  |b ED  |c LP  |d 2021-01-26  |l 0  |o LB3051 .Ea7  |p 2021-5728  |r 2021-01-26 00:00:00  |w 2021-01-26  |y BK 
952 |0 0  |1 0  |2 lcc  |4 0  |6 LB3051 E A7  |7 0  |9 1862  |a HOL  |b HOL  |c LP  |d 2021-01-26  |l 0  |o LB3051 .Ea7  |p 2021-5729  |r 2021-01-26 00:00:00  |w 2021-01-26  |y BK 
999 |c 976  |d 976